000 01175nam a2200301 i 4500
001 189906
003 SpMaBN
005 20250911063610.0
008 191226s2004 sp |||| | spa d
020 _a84-9773-153-0
080 _a224.06
100 1 _aGrajar, Gaspar de,
_d1530-1575
_9169249
245 1 0 _aObras completas.
_nII /
_cGaspar de Grajar ; introducción, edición crítica, versión española y notas de Crescencio Miguélez Baños.
260 _a[Valladolid] :
_bConsejería de Eduación y Cultura ;
_a[León] :
_bUniversidad de León,
_c2004.
300 _a1 v. (734 p.) ;
_c25 cm.
490 1 _aHumanistas españoles ;
_v30
500 _aApéndice documental.
500 _aÍndices.
504 _aReferencias bibliográficas.
505 8 _aContiene: V. 2
546 _aTextos en latín y traducción en español.
630 0 7 _aBiblia.
_pA.T.
_pLibros proféticos-
_xCrítica e interpretación.
_9169251
700 1 _aMiguélez Baños, Crescencio (
_d1940-)
_9169250
710 2 _aUniversidad de León.
_97200
830 0 _aHumanistas españoles ;
_v30
_9184216
852 _aES-MaACL
_jL-32490
_z- Enc. tela
999 _c189906
_d189906